000 01091nam a2200229Ia 4500
003 Ost
005 20260507075328.0
008 260507s9999||||xx |||||||||||||| ||und||
040 _cfsecg
041 _aara
082 _a330
100 _aكاظم، اموري هادي
_eمؤلف
245 0 _aمقدمة في القياس الاقتصادي /
_c اموري هادي كاظم
260 _aعمان:
_bدار الزهران,
_c2009
300 _a362 صفحة؛
_bإيضاحات ؛
_c25 سم
504 _aجداول احصائية ص.345، مصادر ص.355
520 _aالنموذج الخطي البسيط و النموذج الخطي العام ، مشكلة عدم تجانس التباين و مشكلة الإرتباط الذاتي ، مشكلة التعدد الخطي ، القيود المتطابقة و منظومة المعادلات الآنية مع وجود أسئلة عامة محلولة
653 _aالإحصاء - المعاملات الإرتباطية
653 _aالاقتصاد
653 _aالإقتصاد القياسي
942 _cكتاب
999 _c43978
_d43978